Statistics for MyAnimeList Top 150 Anime

Click here to take the quiz!

General Stats

  • This quiz has been taken 212 times
  • The average score is 35 of 150

Answer Stats

#YearTypeAnswer% Correct
402006TVDeath Note
77%
832013TVShingeki no Kyojin
72%
1292014OVAShingeki no Kyojin: Kuinaki Sentaku
72%
741999TVOne Piece
71%
1462009MovieOne Piece Movie
71%
12016MovieKimi no Na wa
69%
22009TVFullmetal Alchemist: Brotherhood
58%
1111999TVHunter x Hunter
58%
1492004OVAHunter x Hunter: Greed Island Final
58%
1422002OVAHunter x Hunter OVA
58%
62011TVHunter x Hunter (2011)
54%
222006TVCode Geass: Lelouch of the Rebellion
52%
122008TVCode Geass: Lelouch of the Rebellion R2
52%
202015TVOne Punch Man
52%
142001MovieSpirited Away
50%
231998TVCowboy Bebop
47%
1482001MovieCowboy Bebop Movie
47%
52011TVGintama'
47%
112006TVGintama
47%
32015TVGintama°
47%
262016OVAGintama°: Aizome Kaori-hen
47%
82012TVGintama': Enchousen
47%
92013MovieGintama Movie
47%
662010MovieGintama Movie: Shinyaku Benizakura-hen
47%
612012MovieGintama: Yorinuki Gintama-san
47%
462014TVHaikyuu!!
47%
152015TVHaikyuu!! Second Season
47%
42011TVSteins;Gate
45%
1222012Sp.Steins;Gate: Egoistic Poriomania
45%
602013MovieSteins Gate Movie
45%
1271997MovieThe End of Evangelion
43%
132016MovieKoe no Katachi
42%
162014TVYour Lie in April
42%
1161988MovieMy Neighbor Totoro
37%
1432015OVAKuroshitsuji: Book of Murder
35%
1092015TVNoragami Aragoto
35%
1202014TVNo Game No Life
34%
412016TVRe:ZERO
34%
1302008TVToradora
34%
362004MovieHowl's Moving Castle
33%
442016TVAssassination Classroom 2nd Season
31%
452016TVErased
30%
372004TVMonster
30%
672014TVParasyte -the Maxim-
28%
592015TVShokugeki no Souma
28%
1012016TVShokugeki no Souma: Ni no Sara
28%
682013TVKuroko no Basket 2nd Season
27%
572015TVKuroko no Basket 3rd Season
27%
281997MoviePrincess Mononoke
27%
102008TVClannad: After Story
26%
1032004TVSamurai Champloo
26%
312007TVTengen Toppa Gurren Lagann
26%
542009MovieTengen Toppa Gurren Lagann Movie: Lagann-hen
26%
1322014TVThe Seven Deadly Sins
26%
802007TVBaccano!
24%
1362014TVFate/stay night: Unlimited Blade Works
24%
1242015TVFate/stay night: Unlimited Blade Works 2nd Season
24%
932012TVJoJo's Bizarre Adventure
24%
772016TVJoJo's Bizarre Adventure: Diamond is Unbreakable
24%
632015TVJoJo's Bizarre Adventure: Stardust Crusaders
24%
942011TVPuella Magi Madoka Magica
24%
1062012MoviePuella Magi Madoka Magica Movie 2: Eternal
24%
1022013MoviePuella Magi Madoka Magica Movie 3: Rebellion
24%
922011TVFate/Zero
23%
352012TVFate/Zero 2nd Season
23%
321999TVGreat Teacher Onizuka
23%
1192012TVKuroko no Basket
23%
812016TVMob Psycho 100
23%
272013TVMonogatari Series: Second Season
23%
302005TVMushishi
23%
492014Sp.Mushishi Special
23%
292014TVMushishi Zoku Shou
23%
182014TVMushishi Zoku Shou 2nd Season
23%
862014Sp.Mushishi Zoku Shou: Odoro no Michi
23%
332015MovieMushishi Zoku Shou: Suzu no Shizuku
23%
1002012TVPsycho-Pass
23%
1231992TVYu Yu Hakusho
23%
562011TVAnoHana
22%
752004TVGhost in the Shell: Stand Alone Complex 2nd GIG
20%
822006TVNana
20%
952011TVNichijou
19%
192000TVHajime no Ippo
18%
342009TVHajime no Ippo: New Challenger
18%
422013TVHajime no Ippo: Rising
18%
1352002MovieDetective Conan Movie 06
16%
1402016MovieDetective Conan Movie 20
16%
711988MovieGrave of the Fireflies
16%
71988OVALegend of the Galactic Heroes
16%
1332015TVOwarimonogatari
16%
781993TVSlam Dunk
16%
1132016MovieKizumonogatari II: Nekketsu-hen
15%
1122016MovieKizumonogatari I: Tekketsu-hen
15%
1381996TVRurouni Kenshin
15%
241999OVARurouni Kenshin: Trust and Betrayal
15%
622006OVAHellsing Ultimate
14%
1442015OVAMobile Suit Gundam: The Origin
14%
882011TVBakuman. 2nd Season
12%
392012TVBakuman. 3rd Season
12%
1282009TVSpice and Wolf II
11%
1082007TVMononoke
10%
212012MovieWolf Children
10%
1452008TVNatsume's Book of Friends
9%
552009TVNatsume's Book of Friends 2
9%
472011TVNatsume's Book of Friends 3
9%
382012TVNatsume's Book of Friends 4
9%
172016TVNatsume's Book of Friends 5
9%
1181984MovieNausicaä of the Valley of the Wind
9%
482014TVPing Pong the Animation
9%
522010TVRainbow
9%
1101980TVAshita no Joe 2
8%
962014TVBarakamon
8%
902012TVShinsekai Yori
8%
762013TVKingdom 2nd Season
7%
1312006MovieThe Girl Who Leapt Through Time
7%
912013TVChihayafuru 2
6%
532010TVThe Tatami Galaxy
6%
972015TVAce of Diamond: Second Season
5%
502008TVAria the Origination
5%
1472004TVBeck
5%
1052010TVKatanagatari
5%
1372004TVMajor S1
5%
1502005TVMajor S2
5%
732009TVMajor S5
5%
1072010TVMajor S6
5%
992011OVAMajor: World Series
5%
252010MovieThe Disappearance of Haruhi Suzumiya
5%
512015OVAKamisama Hajimemashita: Kako-hen
4%
722009MovieKara no Kyoukai 7: Satsujin Kousatsu
4%
842009TVCross Game
3%
582011MovieHotarubi no Mori e
3%
432008MovieKara no Kyoukai 5: Mujun Rasen
3%
1152012TVKids on the Slope
3%
692012TVSpace Brothers
3%
652015MovieThe Boy and the Beast
3%
1262003TVKino's Journey
2%
1042015TVShirobako
2%
1342007OVATsubasa: Tokyo Revelations
2%
792011TVUsagi Drop
2%
892016MovieClassmates
1%
1252009TVErin
1%
702015MovieGirls und Panzer der Film
1%
1212007TVNodame Cantabile
1%
1141995TVRomeo and the Black Brothers
1%
872012OVASpace Battleship Yamato 2199
1%
1392007MovieSword of the Stranger
1%
852009MovieEvangelion: 2.0 You Can (Not) Advance
0%
1172002TVGhost in the Shell: Stand Alone Complex
0%
1412007TVHigurashi no Naku Koro ni Kai
0%
982013TVMagi: The Kingdom of Magic
0%
642016TVShouwa Genroku Rakugo Shinjuu
0%

Score Distribution

Percentile by Number Answered

Percent of People with Each Score

Your Score History

You have not taken this quiz